000 00360nam a2200145Ia 4500
008 150301s2009 xx 000 0 und d
082 _a610.7362
_bR09H
100 _aHELFAER, MARK A.
245 _aROGER'S HB. OF PEDIATRIC INTENSIVE CARE
250 _a4TH
260 _bWOLTER KLUWER
_c2009
300 _a742
650 _aPEDIATRIC NURSING
942 _2ddc
_cBK
999 _c6861
_d6861